000 01140nam2a22002651 4500
001 RU\NLR\INFOCOMM10\1000274679
005 20250617124302.0
035 _a(NLR Aleph) 002608467
090 _a3508332
_c3508332
100 _a20040816d1967 |||y0rusy50 ca
101 0 _arus
102 _aRU
105 _ay |||||||||
200 1 _aВосстановление токарных самоцентрирующих трехкулачковых патронов
_fЗ.И. Лагерев
210 _d1967
_aБ. м.
225 1 _aТема 5
_vВып.128
461 0 _1001RU\NLR\INFOCOMM10\1000264961
_12001#$aПередовой научно-технический и производственный опыт$fГос. Ком. Совета Министров РСФСР по координации науч.-исслед. работ. Гос. Науч.-исслед. ин-т науч. и техн. информации$v1967, №5-67-1420
700 1 _aЛагерев
_bЗ.И.
_4070
801 1 _aRU
_bInfoComm
_c20040816
801 0 _aRU
_bNLR
_gPSBO
852 _aNLR
_jП11/2295
942 _cISSUE
980 _aNB
980 _aRUSPER